| Tag |
First Indicator |
Second Indicator |
Subfields |
| LEADER |
00000cam a2200000 a 4500 |
| 001 |
in00001047713 |
| 005 |
20150929090718.0 |
| 008 |
910211s1991 ilua b 000 0 eng |
| 010 |
|
|
|a 91009493
|
| 020 |
|
|
|a 0814109918
|
| 035 |
|
|
|a (OCoLC)23179324
|
| 035 |
|
|
|9 AFK9913AM
|
| 040 |
|
|
|a DLC
|c DLC
|d TXA
|d UtOrBLW
|
| 043 |
|
|
|a n-us---
|
| 049 |
|
|
|a TXAM
|
| 050 |
0 |
0 |
|a LB1576
|b .M392 1991
|
| 082 |
0 |
0 |
|a 428/.007
|2 20
|
| 100 |
1 |
|
|a Marzano, Robert J.
|
| 245 |
1 |
0 |
|a Cultivating thinking in English and the language arts /
|c Robert J. Marzano.
|
| 264 |
|
1 |
|a Urbana, Ill. :
|b National Council of Teachers of English,
|c [1991]
|
| 264 |
|
4 |
|c ©1991
|
| 300 |
|
|
|a v, 89 pages :
|b illustrations ;
|c 23 cm.
|
| 336 |
|
|
|a text
|b txt
|2 rdacontent
|
| 337 |
|
|
|a unmediated
|b n
|2 rdamedia
|
| 338 |
|
|
|a volume
|b nc
|2 rdacarrier
|
| 504 |
|
|
|a Includes bibliographical references (pages 83-88).
|
| 650 |
|
0 |
|a English language
|x Study and teaching
|z United States.
|
| 650 |
|
0 |
|a Language arts
|z United States.
|
| 650 |
|
0 |
|a Thought and thinking
|x Study and teaching
|z United States.
|
| 650 |
|
0 |
|a Cognitive learning
|z United States.
|
| 999 |
|
|
|a MARS
|
| 999 |
f |
f |
|s da763db3-1b84-3046-98d6-b1a35a06a624
|i 30c7623d-142e-37ac-82ef-3b9247d15eca
|t 0
|
| 952 |
f |
f |
|p normal
|a Texas A&M University
|b College Station
|c Sterling C. Evans Library
|d Evans: Library Stacks
|t 0
|e LB1576 .M392 1991
|h Library of Congress classification
|i unmediated -- volume
|m A14815640888
|
| 998 |
f |
f |
|a LB1576 .M392 1991
|t 0
|l Evans: Library Stacks
|